000 00356pab a2200145 454500
008 180718b1990 xxu||||| |||| 00| 0 eng d
100 _aJames, Alan
245 _aInternational peacekeeping
_bThe disputants view
260 _c1990
300 _a215-30
362 _aJun.
650 _aU.N. - Armed Forces
773 _aPolitical Studies
909 _a20342
999 _c20342
_d20342